000 00699nam a2200229Ia 4500
001 17447
003 GE_BSU
008 181216s||||||||xx |||||||||||||| ||und||
040 _cGE_BSU
080 _a821.353.1-1
100 _aკეშელავა,ბონდო
245 _aალიონიდან შებინდებამდე
245 _bლექსები
245 _cრედ.:ც.ქაროსანიძე;მხატვ.:ა.თოდრია
260 _aთბილისი
260 _bმერანი
260 _c1980
300 _a278გვ.;20სმ
300 _e1ფ.პორტრ.
653 _aლექსები
942 _cBK
999 _c50498
_d50498